000 004840000a22001810004500
003 LK-CoMWRAF
008 230817t ||||| |||| 00| 0 eng d
040 _aLK-CoMWRAF
_dLK-CoMWRAF
_eLK-CoMWRAF
041 _aeng
082 _a092
_bMAU
100 _aMaunaguru, Chithraleka
245 _aUerveli:
_bPengalin Kadal kavithaigal
260 _bSooriya Pengal Abiviruththi Nilaiyum
_aSri Lanka (Batticaloa)
_c1999
300 _ap.64
650 _aPoems
650 _aTamil
942 _cBK
999 _c1910
_d1910